[Event "Asia-ch Blitz U20"]
[Site "Jamshedpur"]
[Date "2023.09.15"]
[Round "6"]
[White "Thapa, Rishon"]
[Black "Thejas, K."]
[Result "1-0"]
[WhiteElo "1729"]
[BlackElo "1382"]
[PlyCount "111"]
[EventDate "2023.09.15"]
[EventType "swiss (blitz)"]
[EventRounds "9"]
[EventCountry "IND"]
[SourceTitle "EXT 2024"]
[Source "ChessBase"]
[SourceDate "2023.10.10"]
[SourceVersion "1"]
[SourceVersionDate "2023.10.10"]
[SourceQuality "1"]

1. Nf3 Nf6 2. e3 g6 3. b3 Bg7 4. Bb2 d6 5. c4 e5 6. Be2 0-0 7. 0-0 Nc6 8. d3 Nd7 9. Nbd2 f5 10. d4 e4 11. Ne1 Qg5 12. Nc2 Nf6 13. f3 exf3 14. Nxf3 Qh6 15. d5 Ne7 16. Qd3 Bd7 17. Ncd4 Ng4 18. Bc1 Rae8 19. e4 Qh5 20. Bf4 fxe4 21. Qxe4 Bf5 22. Nxf5 Nxf5 23. Qd3 Bxa1 24. Rxa1 Nge3 25. Ng5 Qh4 26. g3 Qh6 27. Ne6 g5 28. Bxe3 Nxe3 29. Qxe3 Qf6 30. Rf1 Qe5 31. Rxf8+ Rxf8 32. Qxe5 dxe5 33. Nxf8 Kxf8 34. Kf2 Ke7 35. Bd3 h6 36. Kf3 Kf6 37. Kg4 c6 38. d6 Ke6 39. c5 b6 40. b4 bxc5 41. bxc5 a5 42. Bf5+ Kf6 43. Be4 Ke6 44. Bxc6 a4 45. Bxa4 e4 46. Bb3+ Kd7 47. Kf5 e3 48. Bc4 Kc6 49. Ke6 Kxc5 50. Be2 Kc6 51. d7 Kc7 52. Ke7 Kc6 53. d8Q Kc5 54. Qc7+ Kd4 55. Ke6 g4 56. Qc4# 1-0